000 00938nam a22003257a 4500
001 BR0603326
003 BR-BrBNA
005 20230928102229.0
007 ta
008 230509b bl.||||| |||| 00| 0 por d
040 _aBR-BrBNA
_bpor
_cBiblioteca Nacional de Agricultura
041 _a(Eng, Por)
072 _aL10; B50
_b5000
090 _ 5000 BR0603326
100 1 _aMariante, A. da S.
100 1 _aCavalcante, N.
110 1 _aEMBRAPA Recursos Genéticos e Biotecnologia, Brasília, DF (Brasil)
245 1 _aAnimais do descobrimento: raças domésticas da história do Brasil
250 1 _a2. ed.
260 3 _aBrasília, DF (Brasil):
_c2006.
300 _a274 p.
500 _aBibliography p. 272-273; 241 illus.
650 _aANIMAL DOMÉSTICO
650 _aRAÇA
650 _aHISTÓRIA
650 _aANIMAL SELVAGEM
650 _aGENÉTICA ANIMAL
909 _a202309
_bLucia
_c55
_dLucia Elande
942 _cBK
999 _c69763
_d69763